|
|
|
|
| LEADER |
00000cam a2200000 7i4500 |
| 001 |
0000007436 |
| 005 |
20151222.0 |
| 008 |
070903 |
| 020 |
|
|
|a 9830783030 (set)
|
| 020 |
|
|
|a 983078309X
|
| 090 |
0 |
0 |
|a JF
|b REG MAL (8137)
|
| 100 |
0 |
|
|a Mohd. Ridza
|
| 245 |
1 |
0 |
|a Kisah Uzair yang hidup semula selepas seratus tahun
|c Mohd. Ridza
|
| 260 |
|
|
|a Selangor :
|b Pustaka Murni ,
|c 2005
|
| 440 |
|
|
|a Siri iktibar dan pedoman
|
| 500 |
|
|
|a Children ages 7-9 years old (orange)
|
| 650 |
|
0 |
|a Islamic stories, Malay
|
| 999 |
|
|
|a 0000906608
|b Book
|c Children Collection
|e Cawangan Bandar Tenggara
|
| 999 |
|
|
|a 0000906609
|b Book
|c Children Collection
|e Cawangan Bandar Tenggara
|
| 999 |
|
|
|a 0000984221
|b Book
|c Children Collection
|e Perbadanan Perpustakaan Awam Johor
|
| 999 |
|
|
|a 0000984222
|b Book
|c Children Collection
|e Cawangan Tangkak
|
| 999 |
|
|
|a 0000984223
|b Book
|c Children Collection
|e Cawangan Kota Tinggi
|
| 999 |
|
|
|a 0000984224
|b Book
|c Children Collection
|e Perbadanan Perpustakaan Awam Johor
|
| 999 |
|
|
|a 0000984225
|b Book
|c Children Collection
|e Cawangan Kota Tinggi
|